Eurovision Song Contest Host Cities - Statistics

General Stats
  • This quiz has been taken 3,542 times
    34 since last reset
  • The average score is 54 of 71
Answer Stats
Hint Answer % Correct
1975 Stockholm
97%
2000 Stockholm
97%
2016 Stockholm
97%
1967 Vienna
97%
2015 Vienna
97%
2026 Vienna
97%
2005 Kyiv
91%
2017 Kyiv
91%
1960 London
91%
1963 London
91%
1968 London
91%
1977 London
91%
1978 Paris
91%
1971 Dublin
88%
1981 Dublin
88%
1988 Dublin
88%
1994 Dublin
88%
1995 Dublin
88%
1997 Dublin
88%
2018 Lisbon
88%
2023 Liverpool
88%
1969 Madrid
88%
1996 Oslo
88%
2010 Oslo
88%
2019 Tel Aviv
88%
1970 Amsterdam
85%
2006 Athens
85%
1987 Brussels
85%
2007 Helsinki
85%
2022 Turin
85%
2008 Belgrade
82%
1962 Luxembourg City
82%
1966 Luxembourg City
82%
1973 Luxembourg City
82%
1984 Luxembourg City
82%
1992 Malmö
82%
2013 Malmö
82%
2024 Malmö
82%
2009 Moscow
82%
1991 Rome
82%
2020 Rotterdam
82%
2021 Rotterdam
82%
1964 Copenhagen
79%
2001 Copenhagen
79%
2014 Copenhagen
79%
2012 Baku
76%
2003 Riga
76%
2025 Basel
74%
1983 Munich
74%
2002 Tallinn
74%
1990 Zagreb
74%
2004 Istanbul
71%
1979 Jerusalem
71%
1999 Jerusalem
71%
1998 Birmingham
62%
2011 Düsseldorf
62%
1985 Gothenburg
62%
1965 Naples
62%
1972 Edinburgh
56%
1976 The Hague
56%
1980 The Hague
56%
1974 Brighton
53%
1957 Frankfurt-am-Main
53%
1986 Bergen
47%
1959 Cannes
41%
1961 Cannes
41%
1989 Lausanne
41%
1956 Lugano
41%
1982 Harrogate
38%
1993 Millstreet
35%
1958 Hilversum
26%
No matching quizzes found
Score Distribution
Percent of People with Each Score
Percentile by Number Answered
Your Score History
You have not taken this quiz since the last reset